000
00297nam a22001337a 4500
008
170712b xxu||||| |||| 00| 0 eng d
020
_a
090129017003
041
_a
eng
080
_a
038
100
_a
23
101
_a
FJA
245
_a
RANDOM HOUSE COLLEGE THASAURUS
_c
STEIN, J
942
_2
udc
_c
BK
999
_c
20270
_d
20270